| 000 | 00844nam0a22002651 4500 | ||
|---|---|---|---|
| 001 | rc\192377 | ||
| 005 | 20250620225130.0 | ||
| 010 |
_a5-86847-085-0 _925000 |
||
| 035 | _a(NLR Aleph) 005448301 | ||
| 090 |
_a4830225 _c4830225 |
||
| 100 | _a20030307d1995 |||y0rusy50 ca | ||
| 101 | 0 | _arus | |
| 102 | _aRU | ||
| 105 | _ay ||||||||| | ||
| 200 | 1 |
_aКаков Бог? _e[Пер. с англ.] |
|
| 210 |
_aпос. Заокский (Тул. обл.) _cИсточник жизни _d1995 |
||
| 215 |
_a76, [1] с. _d20 |
||
| 300 | _aПеревод изд.: What is God like? / Caleb Rosado (Review and Herald publ. assoc.) | ||
| 320 | _aБиблиогр. в примеч.: с. 74-77 | ||
| 700 | 1 |
_aРосадо _bХ. _gХалев |
|
| 801 | 0 |
_aRU _bNLR _gpsbo |
|
| 801 | 1 |
_aRU _bELAR _2rusmarc |
|
| 852 |
_aNLR _j97-4/5141 |
||
| 942 | _cBOOK | ||
| 980 | _aNB | ||